书目信息 |
| 题名: |
E=mc2
|
|
| 作者: | 比尔克 著 ;陈慧 译 | |
| 分册: | ||
| 出版信息: | 上海 百家出版社 2001.08 |
|
| 页数: | 120页 | |
| 开本: | 19cm | |
| 丛书名: | 前沿科学探索书系 | |
| 单 册: | ||
| 中图分类: | O412.1-49 | |
| 科图分类: | ||
| 主题词: | 相对论--xiang dui lun--普及读物 | |
| 电子资源: | ||
| ISBN: | 7-80656-399-7 | |
| 000 | 01191nam 2200301 450 | |
| 001 | 012007510197 | |
| 005 | 20070930095733.93 | |
| 010 | @a7-80656-399-7@dCNY10.00 | |
| 100 | @a20070808d2001 km y0chiy0120 ea | |
| 101 | 1 | @achi@cger |
| 102 | @aCN@b310000 | |
| 105 | @aa z 000yy | |
| 200 | 1 | @aE=mc2@e相对论入门@f(德) 托马斯·比尔克著@F(de)tuo ma si·bi er ke zhu@g陈慧译@Gchen hui yi |
| 210 | @a上海@c百家出版社@d2001.08 | |
| 215 | @a120页@c图@d19cm | |
| 225 | 2 | @a前沿科学探索书系@Aqian yan ke xue tan suo shu xi |
| 303 | @a题名E=mc2中的“2”为上角标 | |
| 307 | @a2002年8月第2次印刷。 | |
| 314 | @a托马斯·比尔克(Thomas Buhrke,1956- ),生于策勒,担任《当代物理学》杂志编辑,出版有《牛顿的苹果--物理学的转折点》。 | |
| 330 | @a本书作者通过生动形象的比喻,将相对论这种深奥的知识变得通俗易懂,并且揭示出一个最具天才的想法——人类总是依照自然界的变化而发展进化的。 | |
| 410 | 0 | @12001 @a前沿科学探索书系 |
| 517 | 1 | @a相对论入门@Axiang dui lun ru men |
| 606 | 0 | @a相对论@Axiang dui lun@j普及读物 |
| 690 | @aO412.1-49@v4 | |
| 701 | 1 | @a比尔克@Abi er ke@g(Buhrke, Thomas),@f1956- @4著 |
| 702 | 0 | @a陈慧@Achen hui@4译 |
| 801 | 0 | @aCN@c20070930 |
| 905 | @dO412.1-49@eB726 | |
| E=mc2:相对论入门/(德) 托马斯·比尔克著/陈慧译.-上海:百家出版社,2001.08 |
| 120页:图;19cm.-(前沿科学探索书系) |
| ISBN 7-80656-399-7:CNY10.00 |
| 本书作者通过生动形象的比喻,将相对论这种深奥的知识变得通俗易懂,并且揭示出一个最具天才的想法——人类总是依照自然界的变化而发展进化的。 |
| ● |
| 相关链接 |
|
|
|
正题名:E=mc2
索取号:O412.1-49/B726
 
预约/预借
| 序号 | 登录号 | 条形码 | 馆藏地/架位号 | 状态 | 备注 |
| 1 | 255231 | 202552317 | 期刊室512/401自科库 57排5列5层/ [索取号:O412.1-49/B726] | 在馆 | |
| 2 | 255232 | 202552326 | 期刊室512/401自科库 57排5列5层/ [索取号:O412.1-49/B726] | 在馆 | |
| 3 | 255233 | 202552335 | 自科库401/401自科库 57排5列5层/ [索取号:O412.1-49/B726] | 在馆 |